000 00944nas a2200277 4500
001 BR2010005567
003 BR-BrBNA
005 20231205114817.0
007 ta
008 230509b bl.|||p| |||| 00| 00por d
040 _aBR-BrBNA
_bpor
_cBiblioteca Nacional de Agricultura
041 _a(Pt)
072 _aL01
100 1 _aAbba, M.G.
100 1 _aFeliciano, M.A.R.
100 1 _aVicente, W.R.R.
245 1 _aGanho de peso de novilhas mestiças submetidas ou não à esterilização pela introdução intrauterina de esferas inoxidáveis e ao uso ou não de modificador orgânico
650 _aGADO NELORE
650 _aGADO SIMENTAL
650 _aGANHO DE PESO
650 _aNOVILHO
650 _aRENDIMENTO
773 0 _tArquivo Brasileiro de Medicina Veterinária e Zootecnia (Brazil)
_xISSN 0102-0935
_g(Apr 2010), v. 62(2) p. 289-292
_wBR2010005567
909 _a202311
_bLúcia
_c55
_dLúcia Elande
942 _2AGRIS
_n0
_cANA
999 _c210613
_d210613